000 00281nam a2200109Ia 4500
008 200302s9999 xx 000 0 und d
100 _aMolly Emma Aitken
245 _aA Magic World : New visions of Indian Painting
260 _bMarg Publishing
260 _c2016
300 _a129 P.,
999 _c4988
_d4988